000 01527nam a2200241Ia 4500
999 _c53287
_d53287
001 20328
003 GE_BSU
005 20200911203834.0
008 181216s1981||||ge |||||||||||||| ||geo||
040 _cGE_BSU
041 _ageo
080 _a811.353.1 ს-69
100 _aსორდია, ჟ.
_99519
245 _aწინადადების ზოგიერთი მეორეხარისხოვანი წევრის სწავლების საკითხები 7 კლასში :
_bსტუდენტთა და მასწავლებელთა დასახმარებლად /
_cჟ. სორდია ; რედ. შ. ნიჟარაძე.
264 _aთბილისი :
_bუნ-ტის გამ-ბა,
_c1981.
300 _a114 გვ. ;
_c20 სმ.
541 _h50თ.
653 _aქართული ენა
653 _aწინადადების ზოგიერთი მეორეხარისხოვანი წევრის სწავლების საკითხები 7 კლასში
700 _aნიჟარაძე, შ.
_eრედაქტორი
_99520
710 _aსაქართველოს სსრ უმაღლესი და საშუალო სპეციალური განათლების სამინისტროს
_eსამეცნიერო-მეთოდური კაბინეტი
_99521
942 _cBK
_2udc